000 01004nam a22002897a 4500
005 20260203080003.0
008 260203t ||||| |||| 00| 0 spa d
020 _a9789587928266
020 _a9789587928273
040 _aCO-BoUCM
_cDavid Moreno
_dDavid Moreno
041 _aspa
245 1 0 _aIgualdad y no discriminación en el ámbito laboral
_cICB Editores
250 _a1a.Ed
260 _aBogotá, Colombia
_bEdiciones de la U
_bICB Editores
_c2025
300 _a158 páginas
650 1 4 _aÉtica empresarial
_915237
650 1 4 _aIgualdad laboral
_9187861
650 1 4 _aNo discriminación
_9187862
650 1 4 _aDiversidad en el trabajo
_9187863
650 1 4 _aGestión del talento humano
_9186804
650 1 4 _aRecursos humanos
_923217
650 1 4 _aRelaciones industriales
_923455
700 1 _aPérez Rodriguez, María Dolores
_ecoordinador
_9187864
710 _aICB Editores
_9187865
942 _2DEWEY
_a16
_cLIBRO
_e1
_h658.408
_m P438i
_n0
999 _c326047
_d326047